000 01168nam a2200289Ia 4500
001 ebr10041222
003 CaPaEBR
006 m u
007 cr cn|||||||||
008 031130s2002 nz gs 000 0 eng d
020 _z1877275522
040 _aCaPaEBR
_cCaPaEBR
035 _a(OCoLC)70732823
050 1 4 _aML3880
_b.P39 2002eb
100 1 _aPayzant, Geoffrey.
245 1 0 _aHanslick on the musically beautiful
_h[electronic resource] :
_bsixteen lectures on the musical aesthetics of Eduard Hanslick /
_cGeoffrey Payzant.
260 _aChristchurch, N.Z. :
_bCybereditions,
_c2002.
300 _a159 p.
533 _aElectronic reproduction.
_bPalo Alto, Calif. :
_cebrary,
_d2009.
_nAvailable via World Wide Web.
_nAccess may be limited to ebrary affiliated libraries.
600 1 0 _aHanslick, Eduard,
_d1825-1904.
650 0 _aMusical criticism.
650 0 _aMusic
_xPhilosophy and aesthetics.
655 7 _aElectronic books.
_2local
700 1 _aHanslick, Eduard,
_d1825-1904.
710 2 _aebrary, Inc.
856 4 0 _uhttp://site.ebrary.com/lib/rucke/Doc?id=10041222
_zAn electronic book accessible through the World Wide Web; click to view
999 _c159280
_d159280